| 000 | 00876cam a22002897a 4500 | ||
|---|---|---|---|
| 003 | CHAP | ||
| 005 | 20220329142250.0 | ||
| 008 | 000407d1968 es a r 00110 spa d | ||
| 010 | _a80762 | ||
| 011 | _a81734 | ||
| 035 | _a92211 | ||
| 040 | _cCHAP | ||
| 082 |
_a635 _bB8 |
||
| 100 | 0 | 0 |
_aBarrera Riber, Rafael. _910411 |
| 245 | 1 | 0 |
_aDiez temas sobre la huerta _c/por Rafael Barrera Riber (y otros) |
| 260 |
_aMadrid : _bMinisterio de Agricultura, _c1968. |
||
| 300 |
_av. _b: ilus. ; gráfs. ; láms. |
||
| 500 | _aLa biblioteca tiene : v.4 | ||
| 590 |
_aBATCH-UPD _b10 _c20130110 _lUCH01 _h1751 |
||
| 590 |
_aCONVERSION _b10 _c20130109 _lUCH01 _h1345 |
||
| 650 | 1 | 4 |
_aHorticultura. _956291 |
| 650 | 1 | 4 |
_aLegumbres. _965680 |
| 901 | _aBK | ||
| 905 | _aAlejandra Carrasco M. | ||
| 942 | _cLIBRO | ||
| 949 |
_a635 B8 _bBC _cLIBRO _d33724000687182 _eLIBRO _fv.4 _h94902 _i92211 _si |
||
| 999 |
_c80762 _d80762 |
||